000 00707nam a2200121Ia 4500
008 220615s9999||||xx |||||||||||||| ||und||
245 0 _aBreaking Down the State: Protestors Engaged
546 _aEnglish[eng]
650 _athe state||protest||social movements||arenas||strategy||players||Federal Bureau of Investigation||Ireland||Police||United Nations
700 _aDuyvendak, Jan Willem||Jasper, James M.
856 _uhttps://library.oapen.org/bitstream/20.500.12657/32415/1/611224.pdf||https://library.oapen.org/bitstream/20.500.12657/32415/1/611224.pdf||https://library.oapen.org/bitstream/20.500.12657/32415/1/611224.pdf||https://library.oapen.org/bitstream/20.500.12657/32415/1/611224.pdf
942 _cEB
999 _c8330
_d8330